00565nam a22001697a 450000500170000000800400001702000180005705000240007510000270009924500690012625000110019526000690020630000270027560000400030260000330034265000200037520251016120522.0 b mx||||| |||| 00| 0 spa d a978607973681404aPQ7258.2 bH47 20161 aHerrera Guido, Rosario11a¡Salve Ramón Martínez Ocaranza! c / Rosario Herrera Guido. a1a ed. aMéxico, D. F. : bProyecto LibroEterno :bSilla Vacía,c2016 a49 p. :bil. ;c21 cm.14aMartínez Ocaranza, Ramón,d1915 4aPoetas mexicanosySiglo XX  72LembaPoesía